00537nam a2200193 a 4500001001300000003000900013005001700022008004100039020002300080082001500103100001800118245006600136260004400202300000900246500003500255505000600290650001800296650002900314nice12345678IN_TiNIC20260116013659.0050524s1996 lona grp 000 0 eng  a0190756 c17500a304.2bARN aArnold, David aNature, Culture, Imperialismb Essays on the Environmentalism aLondan bOxford University Press c1996 a376p aincludes index and biblioraphy2 a7 aEcology-Human aSouth Asia-Ecology-Human